Statistics for Can you name the most successful clubs in each UEFA league?

Click here to take the quiz!

General Stats

  • This quiz has been taken 32 times
  • The average score is 33 of 53

Answer Stats

CountryWinning TitlesAnswer% Correct
Germany33xBayern Munich
100%
Italy36xJuventus FC
100%
England20xManchester United
100%
France11xParis Saint-Germain
100%
Netherlands36xAjax Amsterdam
96%
Croatia24xGNK Dinamo Zagreb
93%
Czechia/Czech Republic13xAC Sparta Praha
89%
Ukraine16xDynamo Kyiv
89%
Scotland55xRangers FC
89%
Denmark15xFC Copenhagen
86%
Turkiye/Turkey23xGalatasaray
86%
Spain35xReal Madrid
86%
Belgium34xRSC Anderlecht
86%
Portugal38xSL Benfica
86%
Cyprus28xAPOEL Nicosia
82%
Israel24xMaccabi Tel Aviv
82%
Austria32xRapid Vienna
82%
Kazakhstan7xFC Astana
79%
Poland15xLegia Warsaw
79%
Sweden22xMalmö FC
75%
Switzerland27xGrasshopper Club Zurich
71%
Slovakia13xSlovan Bratislava
71%
Russia10xSpartak Moscow
71%
Belarus15xBATE Borisov
68%
Georgia19xDinamo Tbilisi
64%
Romania26xFCSB
64%
Hungary34xFerencvárosi TC
64%
Albania26xKF Tirana
64%
Greece47xOlympiakos Piraeus
64%
Slovenia16xNK Maribor
61%
Serbia13xRed Star Belgrade
61%
Norway26xRosenborg BK
61%
Moldova20xFC Sheriff Tiraspol
57%
Finland33xHJK Helsinki
57%
North Macedonia11xVardar Skopje
57%
Armenia15xFC Pyunik Yerevan
54%
Latvia15x (inactive)Skonto Riga
50%
Lithuania10xFK Žalgiris Vilnius
46%
Republic of Ireland21xShamrock Rovers
46%
Gibraltar27xLincoln Red Imps FC
43%
Montenegro6xBuducnost Podgorica
39%
Estonia13xFC Flora Talinn
39%
Iceland27xKR Reykjavík
36%
Northern Ireland56xLinfield FC
32%
Bosnia and Hercegovina8xHSK Zrinjski Mostar
29%
Bulgaria31xLudogorets Razgrad
25%
Luxembourg28xJeunesse Esch
21%
Andorra13xFC Santa Coloma
18%
Faroe Islands24xHB Tórshavn
18%
Azerbaijan10xQarabag
18%
Malta26xSliema Wanderers
11%
San Marino8xTre Fiori FC
11%
Kosovo11xFC Prishtina
4%

Score Distribution

Percentile by Number Answered

Percent of People with Each Score

Your Score History

You have not taken this quiz